| 000 | 00000nam 2200000zi 4500 |
| 001 | 9.937018 |
| 003 | CaOODSP |
| 005 | 20240418101845 |
| 006 | m o d f |
| 007 | cr |n||||||||| |
| 008 | 240418e20240415onc ob f|0| 0 eng d |
| 040 | |aCaOODSP|beng|erda|cCaOODSP |
| 043 | |an-cn--- |
| 086 | 1 |aYM32-3/441-C64E-PDF |
| 100 | 1 |aFarrah, Kelly, |eauthor. |
| 245 | 10|aBill C-64 : |ban Act respecting pharmacare / |cKelly Farrah and Tu-Quynh Trinh. |
| 246 | 3 |aLegislative summary of Bill C-64 : |ban Act respecting pharmacare |
| 246 | 17|aPreliminary version, unedited |
| 264 | 1|aOttawa : |bLibrary of Parliament = Bibliothè€que du Parlement, |c15 April 2024. |
| 264 | 4|c©2024 |
| 300 | |a1 online resource (i, 14 pages). |
| 336 | |atext|btxt|2rdacontent |
| 337 | |acomputer|bc|2rdamedia |
| 338 | |aonline resource|bcr|2rdacarrier |
| 490 | 1 |aLegislative summary ; |v44-1-C64-E |
| 500 | |aIssued also in French under title: Projet de loi C-64 : Loi concernant l'assurance médicaments. |
| 504 | |aIncludes bibliographical references (pages 11-14). |
| 650 | 0|aPharmaceutical services insurance|xLaw and legislation|zCanada. |
| 710 | 1 |aCanada. |bLibrary of Parliament, |eissuing body. |
| 710 | 1 |aCanada. |bParliamentary Information, Education and Research Services, |eissuing body. |
| 775 | 08|tProjet de loi C-64 : |w(CaOODSP)9.937019 |
| 830 | #0|aLegislative summary (Canada. Parliamentary Information, Education and Research Services)|v44-1-C64-E.|w(CaOODSP)9.504770 |
| 856 | 40|qPDF|s525 KB|uhttps://publications.gc.ca/collections/collection_2024/bdp-lop/ls/YM32-3-441-C64-eng.pdf |